00659nam a2200169Ia 450000500170000000800410001702000180005808200130007610000190008924500620010826000510017030000150022150001350023694200060037195200970037799900150047420240606001843.0240331s9999 xx 000 0 und d a9789554597044 bSENa362 aSenanayake, J. 2aA sociological exploration of disappearances in Sri Lanka aHomg Kong bAsia Human Rights Commissionc2014 axv,341 p., aThis Study explores the impact of the ruling elite's political project through the experiences of 87 relatives of the disappeared. cL 001040708LaWERCLbWERCLcSSCd2024-03-31l0o 362.6 SENp6848r2024-03-31w2024-03-31yL c5852d5852